Chargement en cours…

In Defense of Farmers : The Future of Agriculture in the Shadow of Corporate Power /

"Industrial agriculture is generally characterized as either the salvation of a growing, hungry, global population or as socially and environmentally irresponsible. Despite elements of truth in this polarization, it fails to focus on the particular vulnerabilities and potentials of industrial a...

Description complète

Détails bibliographiques
Autres auteurs: Alexander, Sara E. (Éditeur intellectuel), Gibson, Jane W. (Jane Winslow) (Éditeur intellectuel)
Format: Électronique eBook
Langue:Inglés
Publié: Lincoln : University of Nebraska Press, [2019]
Collection:Book collections on Project MUSE.
Sujets:
Accès en ligne:Texto completo

MARC

LEADER 00000cam a22000004a 4500
001 musev2_65893
003 MdBmJHUP
005 20230905050801.0
006 m o d
007 cr||||||||nn|n
008 190509s2019 nbu o 00 0 eng d
020 |a 9781496215918 
020 |z 9781496206732 
035 |a (OCoLC)1100588362 
040 |a MdBmJHUP  |c MdBmJHUP 
245 0 0 |a In Defense of Farmers :   |b The Future of Agriculture in the Shadow of Corporate Power /   |c edited by Jane W. Gibson and Sara E. Alexander ; foreword by John K. Hansen. 
264 1 |a Lincoln :  |b University of Nebraska Press,  |c [2019] 
264 3 |a Baltimore, Md. :  |b Project MUSE,   |c 2019 
264 4 |c ©[2019] 
300 |a 1 online resource (468 pages). 
336 |a text  |b txt  |2 rdacontent 
337 |a computer  |b c  |2 rdamedia 
338 |a online resource  |b cr  |2 rdacarrier 
490 0 |a Our sustainable future 
505 0 |a Power, food, and agriculture: implications for farmers, consumers, and communities / Mary K. Hendrickson, Philip H. Howard, and Douglas H. Constance -- Chickenizing American farmers, or "Sometimes I feel like a galley slave" / Donald D. Stull -- Industrial chicken meat and the good life in Bolivia / Sarah Kollnig -- Automating agriculture: precision technologies, agbots, and the fourth Industrial Revolution / Jane W. Gibson -- Water to wine: industrial agriculure and groundwater regulation in California / Casey Walsh -- The challenges of climate change for West Texas wheat farmers / Sara E. Alexander -- From partner to consumer: the changing role of farmers in the public agricultural research process on the Canadian prairies / Katherine Strand -- Transmission of the Brazil model of industrial soybean production: a comparative study of two migrant farming communities in the Brazilian cerrado / Andrew Ofstehage -- The price of success: population decline and community transformation in western Kansas / Jane W. Gibson and Benjamin J. Gray -- An alternative future for food and farming / John Ikerd. 
520 |a "Industrial agriculture is generally characterized as either the salvation of a growing, hungry, global population or as socially and environmentally irresponsible. Despite elements of truth in this polarization, it fails to focus on the particular vulnerabilities and potentials of industrial agriculture. Both representations obscure individual farmers, their families, their communities, and the risks they face from unpredictable local, national, and global conditions: fluctuating and often volatile production costs and crop prices; extreme weather exacerbated by climate change; complicated and changing farm policies; new production technologies and practices; water availability; inflation and debt; and rural community decline. Yet the future of industrial agriculture depends fundamentally on farmers' decisions."--Provided by publisher 
588 |a Description based on print version record. 
650 7 |a Farmers.  |2 fast  |0 (OCoLC)fst00921321 
650 7 |a Agricultural industries.  |2 fast  |0 (OCoLC)fst00800842 
650 7 |a BUSINESS & ECONOMICS  |x Industries  |x Agribusiness.  |2 bisacsh 
650 7 |a BUSINESS & ECONOMICS  |x Industries  |x General.  |2 bisacsh 
650 6 |a Agriculteurs. 
650 6 |a Industries agricoles. 
650 0 |a Farmers. 
650 0 |a Agricultural industries. 
655 7 |a Electronic books.   |2 local 
700 1 |a Alexander, Sara E.,  |e editor. 
700 1 |a Gibson, Jane W.  |q (Jane Winslow),  |e editor. 
710 2 |a Project Muse.  |e distributor 
830 0 |a Book collections on Project MUSE. 
856 4 0 |z Texto completo  |u https://projectmuse.uam.elogim.com/book/65893/ 
945 |a Project MUSE - Custom Collection 
945 |a Project MUSE - 2019 Complete 
945 |a Project MUSE - 2019 Political Science and Policy Studies